RECENT ADVANCES IN ORTHOPAEDICS : 2 / (Record no. 796366)

MARC details
000 -LEADER
fixed length control field 00469pam a2200181 a 4500
020 ## - INTERNATIONAL STANDARD BOOK NUMBER
International Standard Book Number 8171794904
Terms of availability 495.00
041 ## - LANGUAGE CODE
Language code of text/sound track or separate title eng
Language code of original NULL
082 ## - DEWEY DECIMAL CLASSIFICATION NUMBER
Classification number 617.3
Item number KUL
100 ## - MAIN ENTRY--PERSONAL NAME
Personal name KULKARNI, G .
245 ## - TITLE STATEMENT
Title RECENT ADVANCES IN ORTHOPAEDICS : 2 /
Statement of responsibility, etc. NULL.
Medium Textual Documents
260 ## - PUBLICATION, DISTRIBUTION, ETC.
Place of publication, distribution, etc. NULL :
Name of publisher, distributor, etc. JAYPEE BROTHERS MEDICAL PUB. ,
Date of publication, distribution, etc. 1997.
300 ## - PHYSICAL DESCRIPTION
Extent 634 ;
Dimensions NULL.
365 ## - TRADE PRICE
Price type code 495.00
Price note 1
650 ## - SUBJECT ADDED ENTRY--TOPICAL TERM
Topical term or geographic name entry element ORTHO
907 ## - LOCAL DATA ELEMENT G, LDG (RLIN)
a 4574
930 ## - EQUIVALENCE OR CROSS-REFERENCE-UNIFORM TITLE HEADING [LOCAL, CANADA]
Uniform title 1830
Holdings
Withdrawn status Lost status Damaged status Not for loan Home library Current library Date acquired Cost, normal purchase price Total Checkouts Full call number Barcode Date last seen Copy number Price effective from Koha item type Date due Date last checked out
        Medical College & Hospital, Sangli Medical College & Hospital, Sangli 28/11/2011 495.00   617.3 KUL MCS-4574 26/07/2023 2 26/07/2023 Book    
        Medical College & Hospital, Sangli Medical College & Hospital, Sangli 28/11/2011 495.00 1 617.3 KUL MCS-4573 06/10/2023 1 26/07/2023 Book 01/10/2043 06/10/2023